Guess the Country based on a Landscape of it - Statistics

General Stats
  • This quiz has been taken 48 times
  • The average score is 7 of 16
Answer Stats
Picture Answer % Correct
France
100%
United States
89%
Brazil
78%
Netherlands
67%
United Kingdom
61%
Sweden
54%
Canada
48%
Australia
39%
China
39%
Austria
35%
Russia
33%
Indonesia
28%
Algeria
22%
Canada
4%
Chad
4%
India
4%
No matching quizzes found
Score Distribution
Percent of People with Each Score
Percentile by Number Answered
Your Score History
You have not taken this quiz